000 01427cam a22004454i 4500
003 PE-LiUPU
005 20250731172748.0
008 150617s r 000 0 d
035 _a(Sirsi) a12363
040 _aPE-LiUPU
_bspa
_cPE-LiUPU
_erda
049 _aPRUA
082 0 4 _a220.022
_bF77
_221
100 1 _aFoster, Charles,
_eautor.
245 1 0 _aBible pictures and what they teach us /
_cCharles Foster.
264 1 _aPhiladelphia :
_bEditorial Foster,
_c1914.
300 _a316 páginas :
_bil. ;
_c22 cm.
336 _atext
_2rdacontent
337 _aunmediated
_2rdamedia
338 _avolume
_2rdacarrier
505 0 _aBible pictures and what they teach us.
526 _aSEG42
526 _aSEG41
526 _aSEG40
526 _aSEG39
526 _aP94
526 _aP87
526 _aP86
526 _aP85
526 _aP77
526 _aP76
526 _aP35
630 _aBiblia
_xIlustraciones.
910 _ajck
_bjvq
_cjck
_d20150616
942 _2ddc
_cBOOK
949 _a220.022 F77
_wDEWEY
_c1
_i08133
_lCCODEBUL1
_mBUL
_p00.00
_r0
_sY
_tBOOK
_u19930208
_xTEOLOGIA
_PP35
_0COMPRA
_o.STAFF. Colección general
994 _aC0
_bPEPRU
596 _a1
999 _a220.022 F77
_wDEWEY
_c2613
_i08133
_f2021-11-9
_g5
_lCCODEBUL1
_mBUL
_r0
_sY
_tBOOK
_u2015-6-17
_xTEOLOGIA
_PP35
_0COMPRA
_o.STAFF. Colección general
_d2613
980 _81
_gALBERTO SANCHEZ Responsable de Automatización